| 000 | 01647 a2200193 4500 | ||
|---|---|---|---|
| 001 | 53384 | ||
| 005 | 20260407155808.0 | ||
| 008 | 260407a1963 arg spa d | ||
| 003 | AR-UNSa-BCEJYS | ||
| 040 |
_aAR-UNSa-BCEJYS _bspa _cAR-UNSa-BCEJYS |
||
| 080 |
_a911.3:33 _xGeografía económica |
||
| 245 | 1 | 0 | _aGeografía económica general |
| 264 | 1 |
_aBuenos Aires : _bBibliográfica Argentina _c1963 |
|
| 300 |
_a485 p. _c23 cm. |
||
| 505 | _aPrimera Parte: NOCIONES FUNDAMENTALES: 1. Dominio de la ciencia geográfica - - Segunda Parte: EL HOMBRE COMO EL FACTOR ECONOMICO: 2. El hombre - - Tercera Parte: I. GEOGRAFIA DEL INSTRUMENTAL ECONOMICO: 3. La energía – 4. Combustibles minerales solidos – 5. Petróleo – 6. Energía eléctrica - - Tercera Parte: II. INSTRUMENTAL ECONOMICO: 7. Las comunicaciones – 8. Comunicaciones y transportes terrestres – 9. Comunicaciones y transportes acuáticos – 10. Otros medios de comunicación y transporte - - Tercera Parte: III. GEOGRAFIA DEL INSTRUMENTAL ECONOMICOS: 11. Las maquinarias – 12. Dique y obras de riego - - Cuarta Parte: GEOGRAFIA DE LA PRODUCCION: 13. Minería – 14. Minerales metalíferos – 15. Minerales no metalíferos – 16. Agropecuaria – 17. Cereales, vid, caña de azúcar, café, frutas, hortalizas, etc. – 18. Fibras textiles – 19. Oleaginosos, forestales – 20. Ganadería – 21. Industria manufacturera - - Quinta Parte: GEOGRAFIA DE LA CIRCULACION O DEL COMERCIO: 22. Factores del comercio - - Sexta Parte: GEOGRAFIA DEL CONSUMO: 23. El consumo cultural humano. | ||
| 942 | _cBK | ||
| 590 | _aniveau_biblio:m niveau_hierar:0 | ||
| 100 | 1 | _aLerner, Icael | |
| 999 |
_c5235 _d5235 |
||